000 01051nam0a22002771 4500
001 v19\rc\1721394
005 20250619040923.0
035 _a(NLR Aleph) 004819001
090 _a5000048
_c5000048
100 _a20061002d1901 |||y0rusy50 ca
101 1 _arus
_cger
102 _aRU
105 _aa z |||||
200 1 _aЖенская красота
_eУход за лицом. Уход за руками, ногтями, волосами и всем телом
_fDr. med. Bergmann
_gПер. с послед. нем. изд. под ред. д-ра П.Д. Маймана
210 _aСанкт-Петербург
_cС.-Петерб. электропеч.
_d1901
215 _a180 с., 26 ил.
_d18
700 1 _aБергман
_bИ.
_gИгнац
702 1 _aМайман
_bП.Д.
_f1872-
_gПинхус Давидович
_4340
801 0 _aRU
_bNLR
_gpsbo
801 0 _aRU
_bRuMoRGB
_2psbo
801 1 _aRU
_bProSoft-M
_2rusmarc
852 _aNLR
_j20.110.1.16
852 _aNLR
_j91-3/8721
899 _aRuMoRGB
_jФ 7-78/102
942 _cBOOK
980 _aNB